| 000 | 00565nam a2200181Ia 4500 | ||
|---|---|---|---|
| 003 | OSt | ||
| 005 | 20200918095607.0 | ||
| 008 | 190216s9999||||xx |||||||||||||| ||und|| | ||
| 020 | _a9788120336087 | ||
| 040 | _coclc | ||
| 082 |
_a620.115 _bCHA/I |
||
| 100 |
_aChattopadhyay, K K _94720 |
||
| 245 | 0 |
_aIntroduction To Nanoscience And Nanotechnology / _cK K Chattopadhyay ; A N Banerjee |
|
| 260 |
_bPhi Learning Private Ltd, _c2009. _aNew Delhi: |
||
| 300 | _a268p | ||
| 650 | _aPhysics | ||
| 942 |
_cBK _2ddc _h620.115 _iCHA/I _k620.115 _mCHA/I |
||
| 999 |
_c34360 _d34360 |
||